[Event "Tirol-ch"]
[Site "Kramsach"]
[Date "2007.06.30"]
[Round "7.8"]
[White "Gapp, Roland"]
[Black "Janes, Christian"]
[Result "1-0"]
[WhiteElo "1836"]
[BlackElo "1610"]
[PlyCount "77"]
[EventDate "2007.06.24"]
[EventType "swiss"]
[EventRounds "7"]
[EventCountry "AUT"]
[SourceTitle "EXT 2024"]
[Source "ChessBase"]
[SourceDate "2023.10.10"]
[SourceVersion "1"]
[SourceVersionDate "2023.10.10"]
[SourceQuality "1"]

1. e4 e5 2. Bc4 Nf6 3. d3 Nc6 4. Nf3 h6 5. 0-0 Be7 6. c3 d6 7. h3 a6 8. a4 Bd7 9. b4 b5 10. axb5 axb5 11. Rxa8 Qxa8 12. Bxb5 Na7 13. Bxd7+ Nxd7 14. Qa4 Qb7 15. Be3 Nc8 16. Nbd2 c6 17. Nc4 0-0 18. Ra1 c5 19. bxc5 dxc5 20. Nfxe5 Nxe5 21. Nxe5 Bf6 22. f4 Bxe5 23. fxe5 Qc7 24. Qc4 Qxe5 25. Bxc5 Ne7 26. Bd4 Qg5 27. Rf1 Ng6 28. Qd5 Qg3 29. Rf3 Qe1+ 30. Kh2 Nh4 31. Rg3 g6 32. Qe5 f6 33. Qe6+ Kg7 34. Qe7+ Rf7 35. Bxf6+ Kg8 36. Qe8+ Rf8 37. Rxg6+ Kh7 38. Rg7+ Kh8 39. Qxf8# 1-0

[Event "Tirol-ch"]
[Site "Kramsach"]
[Date "2007.06.27"]
[Round "4.6"]
[White "Anker, Christin"]
[Black "Gapp, Roland"]
[Result "0-1"]
[WhiteElo "1593"]
[BlackElo "1836"]
[PlyCount "138"]
[EventDate "2007.06.24"]
[EventType "swiss"]
[EventRounds "7"]
[EventCountry "AUT"]
[SourceTitle "EXT 2024"]
[Source "ChessBase"]
[SourceDate "2023.10.10"]
[SourceVersion "1"]
[SourceVersionDate "2023.10.10"]
[SourceQuality "1"]

1. e4 e5 2. Nf3 Nc6 3. Bc4 Bc5 4. c3 d6 5. d4 exd4 6. cxd4 Bb6 7. h3 h6 8. Nc3 Nf6 9. Bb3 0-0 10. 0-0 Ba5 11. Bc2 Re8 12. Re1 b6 13. a3 Bxc3 14. bxc3 Bb7 15. Bf4 Ne7 16. Nd2 Ng6 17. Bg3 c5 18. d5 Ba6 19. a4 Nh7 20. Nf1 Qf6 21. Qd2 Rad8 22. Rab1 Ne5 23. Ne3 Ng5 24. Bxe5 Qxe5 25. Ng4 Qe7 26. f4 Nh7 27. Rbd1 Bc8 28. Nf2 Qh4 29. c4 g5 30. fxg5 Nxg5 31. Re3 Re5 32. Rde1 Kh8 33. Bd1 Rg8 34. Kh1 Nh7 35. Bf3 Rg3 36. Bd1 Rg7 37. Rg1 Nf6 38. Bc2 Reg5 39. Rf3 Nh5 40. Qe2 Ng3+ 41. Rxg3 Rxg3 42. Qd2 Qg5 43. Qxg5 R7xg5 44. Bd1 Rc3 45. Be2 Rc2 46. Re1 Ra2 47. Nd1 Rg3 48. Bf3 Ra1 49. Kh2 Rg7 50. Re3 Rxa4 51. Nb2 Rb4 52. Re2 f6 53. Rc2 a5 54. Nd3 Rb1 55. Ra2 Ba6 56. Nb2 Rc1 57. Ra4 Rc2 58. Nd3 Rxc4 59. Ra3 Rd4 60. Nf4 Bc8 61. Rb3 Rb4 62. Rc3 a4 63. Rc1 b5 64. Nd3 Rb3 65. Ne1 c4 66. Nc2 Rc3 67. Bd1 b4 68. Rb1 b3 69. Nd4 Bd7 0-1

[Event "Wattens op 13th"]
[Site "Wattens"]
[Date "1998.??.??"]
[Round "5"]
[White "Delmarko, Dietmar"]
[Black "Gapp, Roland"]
[Result "0-1"]
[WhiteElo "1700"]
[BlackElo "1805"]
[PlyCount "104"]
[EventDate "1998.??.??"]
[EventType "swiss"]
[EventRounds "9"]
[EventCountry "AUT"]
[SourceTitle "EXT 2000"]
[Source "ChessBase"]
[SourceDate "1999.11.16"]
[SourceVersion "1"]
[SourceVersionDate "1999.11.16"]
[SourceQuality "1"]

1. e4 e5 2. Nf3 Nc6 3. Bc4 Nf6 4. Nc3 Bc5 5. d3 d6 6. h3 h6 7. 0-0 a6 8. a3 Nd4 9. Nh2 Be6 10. Ba2 Qe7 11. Be3 0-0 12. Qd2 b5 13. Ne2 Rfd8 14. Ng3 d5 15. c3 Nc6 16. Qe2 d4 17. cxd4 Nxd4 18. Bxd4 Bxd4 19. Nf3 g6 20. Nxd4 Rxd4 21. Qc2 Bxa2 22. Rxa2 Rad8 23. Rd1 Qd6 24. Raa1 c5 25. Rdc1 Rc8 26. Rd1 c4 27. dxc4 Rcxc4 28. Qe2 Qc5 29. Rxd4 exd4 30. Rd1 Rc1 31. Qd2 Rxd1+ 32. Qxd1 Qc4 33. f3 d3 34. Qd2 h5 35. Nf1 Nd7 36. Ne3 Qd4 37. Kf1 Ne5 38. Nd1 Nc4 39. Qc3 Ne3+ 40. Nxe3 Qxe3 41. Qe1 Qc5 42. Qd2 Qd4 43. Qc3 Qe3 44. Qe1 Qg5 45. Qd1 d2 46. Kf2 h4 47. Kf1 Qe3 48. Qe2 Qd4 49. Qd1 Qd3+ 50. Kf2 Kh7 51. g3 hxg3+ 52. Kxg3 Qe3 0-1

[Event "Wattens op 13th"]
[Site "Wattens"]
[Date "1998.??.??"]
[Round "2"]
[White "Gapp, Roland"]
[Black "Hollnbuchner, August"]
[Result "1-0"]
[WhiteElo "1805"]
[BlackElo "1605"]
[PlyCount "37"]
[EventDate "1998.??.??"]
[EventType "swiss"]
[EventRounds "9"]
[EventCountry "AUT"]
[SourceTitle "EXT 2000"]
[Source "ChessBase"]
[SourceDate "1999.11.16"]
[SourceVersion "1"]
[SourceVersionDate "1999.11.16"]
[SourceQuality "1"]

1. e4 e5 2. Bc4 Nc6 3. Nf3 Nf6 4. d3 h6 5. 0-0 Bc5 6. c3 d6 7. a4 a6 8. b4 Ba7 9. Bb2 0-0 10. Nbd2 Be6 11. Qb3 d5 12. exd5 Bxd5 13. Bxd5 Nxd5 14. Rfe1 Nf4 15. d4 exd4 16. b5 dxc3 17. Qxc3 Bxf2+ 18. Kxf2 Nd3+ 19. Kg1 1-0

[Event "Wattens op 13th"]
[Site "Wattens"]
[Date "1998.??.??"]
[Round "8"]
[White "Gapp, Roland"]
[Black "Volf, Rudolf"]
[Result "1-0"]
[WhiteElo "1805"]
[BlackElo "1660"]
[PlyCount "107"]
[EventDate "1998.??.??"]
[EventType "swiss"]
[EventRounds "9"]
[EventCountry "AUT"]
[SourceTitle "EXT 2000"]
[Source "ChessBase"]
[SourceDate "1999.11.16"]
[SourceVersion "1"]
[SourceVersionDate "1999.11.16"]
[SourceQuality "1"]

1. e4 c5 2. Nf3 d6 3. d4 cxd4 4. Nxd4 Nc6 5. Nxc6 bxc6 6. Bd3 g6 7. 0-0 Bg7 8. c3 Qb6 9. Qc2 Ba6 10. Na3 Bxd3 11. Qxd3 Nf6 12. Nc4 Qc7 13. Bf4 Nh5 14. Be3 0-0 15. Rab1 f5 16. exf5 Rxf5 17. Qe2 Rf7 18. Nd2 d5 19. Nb3 e5 20. Nc5 Nf4 21. Bxf4 Rxf4 22. Ne6 Qf7 23. Nxf4 Qxf4 24. Qa6 Qf6 25. Qb7 Rd8 26. Qxa7 d4 27. cxd4 exd4 28. Qc5 Rd5 29. Qc4 Qd6 30. Rfd1 Be5 31. g3 Kg7 32. Rbc1 c5 33. Rd3 Bf6 34. a4 Re5 35. a5 Qe7 36. a6 Re1+ 37. Rxe1 Qxe1+ 38. Kg2 Qe4+ 39. Rf3 g5 40. Qd3 Qd5 41. Qf5 Qc6 42. Qxf6+ Qxf6 43. Rxf6 Kxf6 44. a7 Ke5 45. a8Q d3 46. Qe8+ Kd4 47. Qd8+ Ke4 48. Qxg5 c4 49. h4 Kd4 50. h5 c3 51. Qf6+ Ke4 52. Qxc3 h6 53. Qc4+ Kf5 54. Qxd3+ 1-0

[Event "Wattens op 13th"]
[Site "Wattens"]
[Date "1998.??.??"]
[Round "1"]
[White "Kuporosov, Viktor"]
[Black "Gapp, Roland"]
[Result "1-0"]
[WhiteElo "2500"]
[BlackElo "1805"]
[PlyCount "27"]
[EventDate "1998.??.??"]
[EventType "swiss"]
[EventRounds "9"]
[EventCountry "AUT"]
[SourceTitle "EXT 2000"]
[Source "ChessBase"]
[SourceDate "1999.11.16"]
[SourceVersion "1"]
[SourceVersionDate "1999.11.16"]
[SourceQuality "1"]

1. e4 e5 2. Nf3 Bc5 3. Nxe5 Qe7 4. d4 Bb6 5. Nc3 Ba5 6. Bc4 Bxc3+ 7. bxc3 d6 8. Nxf7 Be6 9. Bxe6 Qxe6 10. Nxh8 Qxe4+ 11. Qe2 Nf6 12. f3 Qxe2+ 13. Kxe2 Nc6 14. Kd3 1-0

[Event "Wattens op 13th"]
[Site "Wattens"]
[Date "1998.??.??"]
[Round "9"]
[White "Zechner, Thomas"]
[Black "Gapp, Roland"]
[Result "1/2-1/2"]
[WhiteElo "1645"]
[BlackElo "1805"]
[PlyCount "57"]
[EventDate "1998.??.??"]
[EventType "swiss"]
[EventRounds "9"]
[EventCountry "AUT"]
[SourceTitle "EXT 2000"]
[Source "ChessBase"]
[SourceDate "1999.11.16"]
[SourceVersion "1"]
[SourceVersionDate "1999.11.16"]
[SourceQuality "1"]

1. e4 e5 2. Nf3 Nc6 3. c3 Nf6 4. d4 exd4 5. e5 Nd5 6. cxd4 Bb4+ 7. Bd2 Bxd2+ 8. Nbxd2 a6 9. Qb3 Nce7 10. Bc4 c6 11. 0-0 b5 12. Bd3 0-0 13. Qc2 h6 14. Qc5 a5 15. Ne4 Nf4 16. Bb1 Nf5 17. Nf6+ gxf6 18. Bxf5 d6 19. Qc2 fxe5 20. dxe5 dxe5 21. Bxc8 Rxc8 22. Qf5 f6 23. Rad1 Qe8 24. Rd7 Qg6 25. Nh4 Qxf5 26. Nxf5 Nd5 27. Nxh6+ Kh8 28. Nf7+ Kg8 29. Nh6+ 1/2-1/2

[Event "Wattens op 12th"]
[Site "Wattens"]
[Date "1997.??.??"]
[Round "?"]
[White "Ferrari, Josef"]
[Black "Gapp, Roland"]
[Result "1-0"]
[WhiteElo "2125"]
[BlackElo "1840"]
[PlyCount "43"]
[EventDate "1997.??.??"]
[EventType "swiss"]
[EventRounds "9"]
[EventCountry "AUT"]
[SourceTitle "EXT 2000"]
[Source "ChessBase"]
[SourceDate "1999.11.16"]
[SourceVersion "1"]
[SourceVersionDate "1999.11.16"]
[SourceQuality "1"]

1. d4 g6 2. c4 Bg7 3. Nc3 d6 4. e4 e5 5. Nge2 exd4 6. Nxd4 Ne7 7. Bg5 0-0 8. Qd2 Qe8 9. 0-0-0 Nec6 10. Ndb5 Na6 11. Nd5 Qxe4 12. f3 Qf5 13. Bd3 Qd7 14. Nf6+ Bxf6 15. Bxf6 Qe6 16. Qf4 Ne5 17. Nd4 Nxd3+ 18. Rxd3 Qxc4+ 19. Rc3 Qxa2 20. Nb3 Bf5 21. Qh6 Qb1+ 22. Kd2 1-0

[Event "Wattens op 12th"]
[Site "Wattens"]
[Date "1997.??.??"]
[Round "?"]
[White "Gapp, Roland"]
[Black "Preindl, Florian"]
[Result "1/2-1/2"]
[WhiteElo "1840"]
[BlackElo "1745"]
[PlyCount "163"]
[EventDate "1997.??.??"]
[EventType "swiss"]
[EventRounds "9"]
[EventCountry "AUT"]
[SourceTitle "EXT 2000"]
[Source "ChessBase"]
[SourceDate "1999.11.16"]
[SourceVersion "1"]
[SourceVersionDate "1999.11.16"]
[SourceQuality "1"]

1. e4 c6 2. d4 d5 3. e5 Bf5 4. Bd3 Bxd3 5. Qxd3 e6 6. Nf3 Nd7 7. 0-0 Ne7 8. Bg5 Qb6 9. b3 c5 10. Be3 Nf5 11. Re1 Rc8 12. Nc3 c4 13. bxc4 Rxc4 14. Reb1 Qc6 15. Rb3 Nxe3 16. fxe3 Bb4 17. Ne2 Be7 18. c3 0-0 19. Rab1 Nb6 20. Nd2 Rc8 21. Qc2 Ra4 22. Rb5 Ra3 23. R5b3 Rc7 24. Rxa3 Bxa3 25. Qb3 Be7 26. Kf2 Bg5 27. g3 Nc4 28. Nxc4 dxc4 29. Qb5 b6 30. Qxc6 Rxc6 31. a4 Kf8 32. h4 Be7 33. Ng1 Ke8 34. Nf3 h6 35. Nd2 Kd7 36. Ke2 Rc7 37. Rf1 Ke8 38. Nf3 a6 39. Rb1 Rc6 40. e4 Bd8 41. g4 b5 42. axb5 Rb6 43. d5 Rxb5 44. Rxb5 axb5 45. Nd4 Bxh4 46. Nxb5 Kd7 47. Nd6 f6 48. Nxc4 exd5 49. exd5 fxe5 50. Nxe5+ Kd6 51. Nf3 Bf6 52. c4 Kc5 53. Kd3 g6 54. Nd2 Bd8 55. Ne4+ Kb6 56. c5+ Kc7 57. Kc4 h5 58. gxh5 gxh5 59. Kb5 h4 60. d6+ Kc8 61. c6 h3 62. Nf2 h2 63. Nh1 Kb8 64. Kc5 Kc8 65. Kd5 Bh4 66. Ke6 Bd8 67. Kf7 Bh4 68. Ke6 Bd8 69. Kd5 Bh4 70. Kc5 Bd8 71. Kb5 Bh4 72. Ka6 Bd8 73. Ka7 Ba5 74. Ka6 Bd8 75. Kb5 Bg5 76. Kb6 Be3+ 77. Ka6 Bc5 78. d7+ Kc7 79. Kb5 Be7 80. Nf2 Bh4 81. Nh1 Be7 82. Nf2 1/2-1/2

[Event "Wattens op 12th"]
[Site "Wattens"]
[Date "1997.??.??"]
[Round "?"]
[White "Wolf, Stefan"]
[Black "Gapp, Roland"]
[Result "1/2-1/2"]
[WhiteElo "1750"]
[BlackElo "1840"]
[PlyCount "130"]
[EventDate "1997.??.??"]
[EventType "swiss"]
[EventRounds "9"]
[EventCountry "AUT"]
[SourceTitle "EXT 2000"]
[Source "ChessBase"]
[SourceDate "1999.11.16"]
[SourceVersion "1"]
[SourceVersionDate "1999.11.16"]
[SourceQuality "1"]

1. e4 e5 2. Nf3 Nc6 3. Bc4 Bc5 4. c3 d6 5. d4 exd4 6. cxd4 Bb6 7. 0-0 h6 8. Nc3 Bg4 9. Be3 Nf6 10. Be2 Qe7 11. d5 Bxe3 12. dxc6 Bxf2+ 13. Rxf2 bxc6 14. Nd4 Bd7 15. Nf5 Bxf5 16. exf5 0-0 17. Bf3 d5 18. Rc1 Qd6 19. Rd2 Rfe8 20. Re2 Qf4 21. Qc2 Red8 22. Rd1 Rab8 23. Qa4 d4 24. Ne4 Ng4 25. Bxg4 Qxg4 26. Ng3 c5 27. Qc2 h5 28. Qc1 Re8 29. Rde1 Rxe2 30. Rxe2 Qh4 31. Re4 Qd8 32. Qxc5 d3 33. Qc1 d2 34. Qd1 Rxb2 35. Nf1 Rxa2 36. Re2 Qd4+ 37. Kh1 Qg4 38. Rxd2 Rxd2 39. Qxg4 hxg4 40. Nxd2 Kh7 41. Nc4 Kh6 42. Kg1 Kg5 43. Kf2 Kf4 44. g3+ Kxf5 45. Ke3 c5 46. Nd6+ Ke6 47. Nc4 Kd5 48. Kd3 f5 49. Ne3+ Ke5 50. Nc4+ Ke6 51. Nd2 g5 52. Nc4 a6 53. Na5 Kd5 54. Nc4 f4 55. Nb6+ Kc6 56. Nc4 Kb5 57. Ne5 a5 58. gxf4 gxf4 59. Nxg4 Kb4 60. Kc2 a4 61. h4 a3 62. h5 c4 63. h6 c3 64. h7 a2 65. h8Q a1Q 1/2-1/2

[Event "Wattens op 11th"]
[Site "Wattens"]
[Date "1996.??.??"]
[Round "8"]
[White "Gapp, Roland"]
[Black "Pieper, Harald"]
[Result "1/2-1/2"]
[WhiteElo "1845"]
[BlackElo "1725"]
[PlyCount "45"]
[EventDate "1996.??.??"]
[EventType "swiss"]
[EventRounds "9"]
[EventCountry "AUT"]
[SourceTitle "EXT 2000"]
[Source "ChessBase"]
[SourceDate "1999.11.16"]
[SourceVersion "1"]
[SourceVersionDate "1999.11.16"]
[SourceQuality "1"]

1. e4 e5 2. Bc4 Nc6 3. c3 Nf6 4. d3 d6 5. Qb3 Qe7 6. Nf3 h6 7. h3 a6 8. Be3 Nd8 9. Qa3 Be6 10. Bb5+ Bd7 11. Bxd7+ Qxd7 12. Qb3 Qb5 13. Qc2 c5 14. Na3 Qd7 15. Nc4 Qc7 16. Nh4 Ne6 17. Nf5 g6 18. Ng3 b5 19. Nd2 d5 20. exd5 Nxd5 21. Nge4 Bg7 22. Qb3 Rd8 23. c4 1/2-1/2